Manual de validación de estadísticas armonizadas del Mercosur/ (Registro nro. 5084)
[ vista simple ]
| 000 -LEADER | |
|---|---|
| fixed length control field | 01317nam a2200253Ia 4500 |
| 003 - CONTROL NUMBER IDENTIFIER | |
| control field | OSt |
| 005 - DATE AND TIME OF LATEST TRANSACTION | |
| control field | 20200519152210.0 |
| 008 - FIXED-LENGTH DATA ELEMENTS--GENERAL INFORMATION | |
| fixed length control field | 191128s2011 a grt 000 0 spa d |
| 020 ## - INTERNATIONAL STANDARD BOOK NUMBER | |
| International Standard Book Number | 9789503200285 |
| 040 ## - CATALOGING SOURCE | |
| Original cataloging agency | CO-JMCR |
| Transcribing agency | CO-JMCR |
| 041 0# - LANGUAGE CODE | |
| Language code of text/sound track or separate title | spa |
| 082 04 - DEWEY DECIMAL CLASSIFICATION NUMBER | |
| Classification number | 310 .9 / |
| Item number | C718m |
| Edition number | 23 |
| 111 1# - MAIN ENTRY--MEETING NAME | |
| Meeting name or jurisdiction name as entry element | Colombia. Ministerio de Economía y Finanzas Públicas |
| 9 (RLIN) | 4502 |
| 245 10 - TITLE STATEMENT | |
| Title | Manual de validación de estadísticas armonizadas del Mercosur/ |
| Statement of responsibility, etc. | Ministerio de Economía y Finanzas Públicas |
| 250 ## - EDITION STATEMENT | |
| Edition statement | Primera edición |
| 260 ## - PUBLICATION, DISTRIBUTION, ETC. | |
| Place of publication, distribution, etc. | Buenos Aires : |
| Name of publisher, distributor, etc. | Ministerio de Economía y Finanzas Públicas, |
| Date of publication, distribution, etc. | 2011 |
| 300 ## - PHYSICAL DESCRIPTION | |
| Extent | 87 páginas ; |
| Dimensions | 30 cm. |
| 490 0# - SERIES STATEMENT | |
| Series statement | Apoyo al monitoreo macroeconómico |
| 505 ## - FORMATTED CONTENTS NOTE | |
| Formatted contents note | Sistema de validación de las estadísticas armoniadas del Mercosur -- Subsistema de validación de las estadísticas fiscales armonizadas del Mercosur -- Subsistema de validación de las estadísticas monetarias armonizadas del Mercosur |
| 520 ## - SUMMARY, ETC. | |
| Summary, etc. | El trabajo de armonización de estadísticas del Mercosur comenzó en el año 2000, a partir de una iniciativa de los entonces Ministros de Economía, Hacienda y Presidentes de Bandos Centrales de los países del Mercosur. |
| 650 14 - SUBJECT ADDED ENTRY--TOPICAL TERM | |
| Topical term or geographic name entry element | Estadísticas |
| General subdivision | Manuales de procedimientos |
| 9 (RLIN) | 4503 |
| 650 24 - SUBJECT ADDED ENTRY--TOPICAL TERM | |
| Topical term or geographic name entry element | Cooperación internacional |
| 9 (RLIN) | 4504 |
| 942 ## - ADDED ENTRY ELEMENTS (KOHA) | |
| Source of classification or shelving scheme | Dewey Decimal Classification |
| Koha item type | Books |
| Withdrawn status | Lost status | Source of classification or shelving scheme | Materials specified (bound volume or other part) | Damaged status | Not for loan | Home library | Current library | Shelving location | Date acquired | Source of acquisition | Cost, normal purchase price | Total Checkouts | Full call number | Barcode | Date last seen | Copy number | Price effective from | Koha item type |
|---|---|---|---|---|---|---|---|---|---|---|---|---|---|---|---|---|---|---|
| Dewey Decimal Classification | Donación--15/04/2018-- | Biblioteca Pública José María del Castillo y Rada | Biblioteca Pública José María del Castillo y Rada | General Stacks | 11/28/2019 | Donación | 0.00 | 310.9 / C718m | 430001274 | 05/16/2024 | Ej.1 | 11/28/2019 | Books |